|
|
|
|
| LEADER |
00000nam0a2200000 4500 |
| 001 |
249373 |
| 005 |
20231101232452.0 |
| 035 |
|
|
|a (RuTPU)RU\TPU\book\271456
|
| 035 |
|
|
|a RU\TPU\book\271451
|
| 090 |
|
|
|a 249373
|
| 100 |
|
|
|a 20140204d1987 k y0rusy50 ca
|
| 101 |
0 |
|
|a rus
|
| 102 |
|
|
|a GE
|
| 105 |
|
|
|a a z 001zy
|
| 200 |
1 |
|
|a Химия координационных соединений
|e сборник научных трудов
|f Грузинский государственный политехнический институт им. В. И. Ленина ; под ред. Г. В. Цинцадзе
|
| 210 |
|
|
|a Тбилиси
|c Изд-во ГПИ
|d 1987
|
| 215 |
|
|
|a 76 с.
|c ил.
|
| 225 |
1 |
|
|a Труды Грузинского политехнического института
|v № 17(329)
|
| 320 |
|
|
|a Библиогр. в конце статей
|
| 606 |
1 |
|
|a Комплексные соединения
|2 stltpush
|3 (RuTPU)RU\TPU\subj\15019
|9 41320
|
| 610 |
1 |
|
|a координационные соединения
|
| 610 |
1 |
|
|a синтез
|
| 610 |
1 |
|
|a физико-химические исследования
|
| 610 |
1 |
|
|a металлы
|
| 610 |
1 |
|
|a биоактивные лиганды
|
| 610 |
1 |
|
|a лиганды
|
| 610 |
1 |
|
|a электронное строение
|
| 610 |
1 |
|
|a молекулы
|
| 610 |
1 |
|
|a кристаллы
|
| 610 |
1 |
|
|a измерение
|
| 675 |
|
|
|a 546-386
|v 3
|
| 702 |
|
1 |
|a Цинцадзе
|b Г. В.
|4 340
|
| 712 |
0 |
2 |
|a Грузинский государственный политехнический институт им. В. И. Ленина
|c (Тбилиси)
|c (1959-1990)
|2 stltpush
|3 (RuTPU)RU\TPU\col\13604
|9 25717
|
| 801 |
|
1 |
|a RU
|b 63413507
|c 20051205
|g PSBO
|
| 801 |
|
2 |
|a RU
|b 63413507
|c 20151204
|g PSBO
|
| 942 |
|
|
|c BK
|